[Event "VI Sunway Sitges Open 2019"]
[Site "Sitges"]
[Date "2019.12.20"]
[Round "9.24"]
[White "Martin Duque, Jesus"]
[Black "Krysa, Leandro"]
[Result "1-0"]
[WhiteElo "2430"]
[BlackElo "2527"]
[Annotator "ChessBase"]
[PlyCount "93"]
[EventDate "2019.12.13"]
[EventType "swiss"]
[EventCountry "ESP"]
[SourceTitle "playchess.com"]
[Source "ChessBase"]
[SourceQuality "1"]

1. e4 c5 2. Nf3 Nc6 3. d4 cxd4 4. Nxd4 Nf6 5. Nc3 e5 6. Ndb5 d6 7. Bg5 a6 8. Na3 b5 9. Bxf6 gxf6 10. Nd5 f5 11. Bd3 Be6 12. c3 Bg7 13. Nxb5 axb5 14. Bxb5 Rc8 15. Qa4 Bd7 16. exf5 O-O 17. Qe4 Rb8 18. a4 f6 19. O-O Ne7 20. Rfd1 Kh8 21. Bxd7 Qxd7 22. Nxe7 Qxe7 23. b4 Rfc8 24. Rd3 Bf8 25. a5 Qf7 26. a6 Rc4 27. Qd5 Qxd5 28. Rxd5 Rxc3 29. Kf1 Kg8 30. Raa5 Be7 31. a7 Ra8 32. Rdb5 Rcc8 33. Rb7 Bd8 34. Ra6 d5 35. Rd6 d4 36. Ke2 Rc2+ 37. Kd3 Ra2 38. Rdd7 Rc8 39. Ke4 h5 40. b5 d3 41. Rxd8+ Rxd8 42. Rb8 Ra4+ 43. Ke3 Rxa7 44. Rxd8+ Kf7 45. Kxd3 Ra2 46. Kc3 Ke7 47. Rd2 1-0

[Event "VI Sunway Sitges Open 2019"]
[Site "Sitges"]
[Date "2019.12.20"]
[Round "9.25"]
[White "Aroshidze, Levan"]
[Black "Parvanyan, Ashot"]
[Result "1-0"]
[WhiteElo "2514"]
[BlackElo "2456"]
[Annotator "ChessBase"]
[PlyCount "37"]
[EventDate "2019.12.13"]
[EventType "swiss"]
[EventCountry "ESP"]
[SourceTitle "playchess.com"]
[Source "ChessBase"]
[SourceQuality "1"]

1. e4 e6 2. d4 d5 3. Nc3 Bb4 4. e5 Ne7 5. a3 Bxc3+ 6. bxc3 c5 7. Qg4 Qc7 8. Bd3 c4 9. Be2 O-O 10. Nf3 Nbc6 11. Ng5 Qa5 12. Bd2 f6 13. Nxe6 g6 14. Qh3 Nd8 15. Bg4 h5 16. exf6 Nec6 17. Nxf8 Bxg4 18. Qe3 Kxf8 19. Qh6+ 1-0

[Event "VI Sunway Sitges Open 2019"]
[Site "Sitges"]
[Date "2019.12.20"]
[Round "9.26"]
[White "Chen, Qi b"]
[Black "Maghsoodloo, Parham"]
[Result "0-1"]
[WhiteElo "2445"]
[BlackElo "2690"]
[Annotator "TA"]
[PlyCount "90"]
[EventDate "2019.12.13"]
[EventType "swiss"]
[EventCountry "ESP"]
[SourceTitle "playchess.com"]
[Source "ChessBase"]
[SourceQuality "1"]

1. e4 c5 2. Nf3 Nc6 3. d4 cxd4 4. Nxd4 Nf6 5. Nc3 d6 6. Bg5 e6 7. Qd3 Bd7 8. O-O-O a6 9. Be2 Rc8 10. Qg3 h6 11. Be3 Qc7 12. f3 b5 13. Bxb5 axb5 14. Ndxb5 Qb8 15. Nxd6+ Bxd6 16. Qxd6 Qxd6 17. Rxd6 Ne5 18. Bf2 Ke7 19. Rhd1 Rxc3 20. bxc3 Ra8 21. Bc5 Ke8 22. a3 Nc4 23. R6d4 Bb5 24. Re1 Nd7 25. Bb4 Nde5 26. Kb1 Nc6 27. Rdd1 Ba4 28. Re2 Na7 29. Rd4 Rc8 30. Kc1 Nb5 31. Rd1 Ncxa3 32. Bxa3 Nxa3 33. Kb2 Nc4+ 34. Kc1 Ra8 35. Ree1 e5 36. g3 g5 37. h4 Ke7 38. hxg5 hxg5 39. g4 Ra6 40. Kb1 Rf6 41. Rd3 Bb5 42. Ka2 Na5 43. Rdd1 Rxf3 44. Ka3 Bc6 45. Rd3 Rf4 0-1

[Event "VI Sunway Sitges Open 2019"]
[Site "Sitges"]
[Date "2019.12.20"]
[Round "9.27"]
[White "Melkumyan, Hrant"]
[Black "Haldorsen, Benjamin"]
[Result "1-0"]
[WhiteElo "2668"]
[BlackElo "2455"]
[Annotator "TA"]
[PlyCount "107"]
[EventDate "2019.12.13"]
[EventType "swiss"]
[EventCountry "ESP"]
[SourceTitle "playchess.com"]
[Source "ChessBase"]
[SourceQuality "1"]

1. d4 d5 2. c4 e6 3. Nf3 a6 4. cxd5 exd5 5. Nc3 Nf6 6. Bf4 Bd6 7. Be5 c6 8. Qc2 O-O 9. e3 Bxe5 10. Nxe5 Nbd7 11. Nxd7 Bxd7 12. Bd3 Qe7 13. O-O h6 14. Rae1 Rac8 15. f3 c5 16. dxc5 Qxc5 17. Qf2 Rfe8 18. Re2 b5 19. Nb1 a5 20. Na3 b4 21. Nc2 Bb5 22. Bxb5 Qxb5 23. Nd4 Qd7 24. Rd1 g6 25. Red2 Kg7 26. Rd3 a4 27. Qd2 Qb7 28. Nc2 Rb8 29. b3 axb3 30. Rxb3 Qa7 31. Nxb4 Ra8 32. a3 h5 33. Qd4 Qxd4 34. Rxd4 Ra5 35. Rc3 Rea8 36. Rdd3 h4 37. g3 hxg3 38. hxg3 g5 39. g4 Rb5 40. Kg2 Rba5 41. Rb3 Rc8 42. Rb1 Rca8 43. Nc2 Nd7 44. Nd4 Rxa3 45. Nf5+ Kg8 46. Rxd5 Nf6 47. Rdd1 R3a7 48. Rh1 Nh7 49. Kg3 f6 50. Rh6 Rd7 51. Rg6+ Kh8 52. Rh1 Rf7 53. Nd6 Rff8 54. Ne4 1-0

[Event "VI Sunway Sitges Open 2019"]
[Site "Sitges"]
[Date "2019.12.20"]
[Round "9.28"]
[White "Vocaturo, Daniele"]
[Black "Shubin, Kirill"]
[Result "1-0"]
[WhiteElo "2627"]
[BlackElo "2430"]
[Annotator "TA"]
[PlyCount "41"]
[EventDate "2019.12.13"]
[EventType "swiss"]
[EventCountry "ESP"]
[SourceTitle "playchess.com"]
[Source "ChessBase"]
[SourceQuality "1"]

1. e4 e6 2. d4 d5 3. Nd2 Be7 4. e5 c5 5. c3 Nc6 6. Bd3 Qb6 7. Ndf3 cxd4 8. cxd4 Bb4+ 9. Kf1 Bd7 10. Ne2 Bf8 11. g3 g6 12. Kg2 Bg7 13. h4 h6 14. b4 Nge7 15. Rb1 O-O 16. b5 Na5 17. h5 Nc4 18. hxg6 fxg6 19. Bxh6 Bxh6 20. Rxh6 Kg7 21. Qc1 1-0

[Event "VI Sunway Sitges Open 2019"]
[Site "Sitges"]
[Date "2019.12.20"]
[Round "9.29"]
[White "Kacharava, Nikolozi"]
[Black "Petrosyan, Manuel"]
[Result "1-0"]
[WhiteElo "2416"]
[BlackElo "2613"]
[Annotator "TA"]
[PlyCount "213"]
[EventDate "2019.12.13"]
[EventType "swiss"]
[EventCountry "ESP"]
[SourceTitle "playchess.com"]
[Source "ChessBase"]
[SourceQuality "1"]

1. e4 e5 2. Nf3 Nc6 3. Bc4 Nf6 4. d3 Bc5 5. c3 d6 6. O-O O-O 7. Nbd2 a5 8. Re1 Ng4 9. Re2 Kh8 10. h3 Nh6 11. Nf1 f5 12. Bg5 Qd7 13. Bb5 Qf7 14. Bxc6 bxc6 15. d4 Bb6 16. dxe5 Ba6 17. Re1 fxe4 18. Rxe4 Qg6 19. Ng3 d5 20. Rf4 Nf7 21. Bh4 Qe6 22. Rf5 c5 23. Qd2 Kg8 24. Re1 Rae8 25. Ng5 Nxg5 26. Qxg5 Bd3 27. Nh5 Qg6 28. Rxf8+ Rxf8 29. Nf4 Qxg5 30. Bxg5 c4 31. Nxd3 cxd3 32. Be3 d2 33. Rd1 Bxe3 34. fxe3 Kf7 35. Rxd2 Ke6 36. Rd4 c5 37. Ra4 c4 38. Rxa5 Rb8 39. b3 cxb3 40. axb3 Rxb3 41. Ra7 Rxc3 42. Rxg7 Rxe3 43. Rxh7 d4 44. Kf2 Rxe5 45. Rh8 Kd5 46. Kf3 d3 47. g4 Kc4 48. Rd8 Kc3 49. h4 d2 50. g5 Re1 51. h5 d1=Q+ 52. Rxd1 Rxd1 53. g6 Rg1 54. Ke4 Kc4 55. Ke5 Kc5 56. Kf6 Rh1 57. g7 Rxh5 58. g8=Q Rd5 59. Ke6 Kc4 60. Qg4+ Rd4 61. Qe2+ Kc3 62. Ke5 Rd2 63. Qe3+ Kc2 64. Ke4 Kd1 65. Qg1+ Kc2 66. Qf1 Kb2 67. Qc4 Kb1 68. Ke3 Rc2 69. Qb4+ Rb2 70. Qe1+ Kc2 71. Kd4 Kb3 72. Qc3+ Ka2 73. Kc4 Kb1 74. Qe1+ Ka2 75. Qd1 Rb8 76. Qc2+ Ka3 77. Qc3+ Ka2 78. Qa5+ Kb1 79. Qf5+ Ka2 80. Qa5+ Kb1 81. Qe1+ Ka2 82. Qf2+ Rb2 83. Qa7+ Kb1 84. Qd4 Kc2 85. Qe4+ Kd2 86. Qg2+ Kc1 87. Qf1+ Kd2 88. Qf2+ Kc1 89. Qe1+ Kc2 90. Kd4 Kb3 91. Kd3 Ka2 92. Qe5 Ka3 93. Qd4 Kb3 94. Qc5 Ka2 95. Qc4+ Ka3 96. Qa6+ Kb4 97. Qb6+ Ka3 98. Qa5+ Kb3 99. Qa1 Rh2 100. Qe5 Rb2 101. Qa5 Rb1 102. Qb5+ Ka2 103. Qa4+ Kb2 104. Kd2 Rh1 105. Qd4+ Ka3 106. Qa7+ Kb4 107. Qb7+ 1-0

[Event "VI Sunway Sitges Open 2019"]
[Site "Sitges"]
[Date "2019.12.20"]
[Round "9.30"]
[White "Dhulipalla Bala Chandra Prasad"]
[Black "Lopez Martinez, Josep Manuel"]
[Result "1-0"]
[WhiteElo "2414"]
[BlackElo "2561"]
[Annotator "TA"]
[PlyCount "107"]
[EventDate "2019.12.13"]
[EventType "swiss"]
[EventCountry "ESP"]
[SourceTitle "playchess.com"]
[Source "ChessBase"]
[SourceQuality "1"]

1. Nf3 d6 2. d4 Bg4 3. c4 Nd7 4. Nc3 Ngf6 5. g3 e5 6. Bg2 c6 7. O-O Be7 8. h3 Bxf3 9. Bxf3 exd4 10. Qxd4 Ne5 11. Bg2 Qb6 12. Qxb6 axb6 13. b3 Kd8 14. Bb2 Kc7 15. f4 Ned7 16. b4 Rhe8 17. a3 Ng8 18. e4 Bf6 19. Rfd1 Bxc3 20. Bxc3 Ngf6 21. Re1 Re7 22. Re2 c5 23. Kf2 Ra4 24. Bf3 Ne8 25. Re3 f6 26. h4 Nb8 27. Bd1 Ra8 28. b5 Nd7 29. a4 g6 30. Bc2 Ng7 31. Kf3 Rae8 32. Rae1 Ne6 33. Rd3 f5 34. Rde3 Nd4+ 35. Bxd4 cxd4 36. R3e2 fxe4+ 37. Rxe4 Rxe4 38. Rxe4 Rh8 39. Rxd4 Nc5 40. g4 Rf8 41. Rd1 Nd7 42. Re1 Rf7 43. Kg3 Nf6 44. f5 gxf5 45. Bxf5 Rg7 46. Kf4 h6 47. Re6 Rf7 48. Bg6 Rf8 49. Re7+ Kc8 50. Bf5+ Kb8 51. g5 hxg5+ 52. hxg5 Ng8 53. Rd7 Ka7 54. Rh7 1-0

[Event "VI Sunway Sitges Open 2019"]
[Site "Sitges"]
[Date "2019.12.20"]
[Round "9.31"]
[White "Dragnev, Valentin"]
[Black "Bryakin, Mikhail"]
[Result "1/2-1/2"]
[WhiteElo "2553"]
[BlackElo "2428"]
[Annotator "TA"]
[PlyCount "179"]
[EventDate "2019.12.13"]
[EventType "swiss"]
[EventCountry "ESP"]
[SourceTitle "playchess.com"]
[Source "ChessBase"]
[SourceQuality "1"]

1. e4 c5 2. Nf3 Nc6 3. Bb5 g6 4. Bxc6 dxc6 5. d3 Bg7 6. h3 Nh6 7. a4 f5 8. e5 Nf7 9. Bf4 a5 10. Nbd2 Be6 11. Qe2 O-O 12. O-O h6 13. h4 Qd7 14. b3 Kh7 15. Rfe1 Nd8 16. Nc4 Bxc4 17. bxc4 Ne6 18. Bd2 Rfb8 19. Ra3 Ra7 20. Rea1 b6 21. g3 Kg8 22. Kg2 Qc7 23. Bc3 Qd7 24. Qe3 Qc7 25. Rb3 Rab7 26. Rab1 Qd7 27. Ra3 Qc7 28. Qe1 Qd7 29. Rab3 Kh7 30. R1b2 b5 31. cxb5 cxb5 32. Rxb5 Rxb5 33. Rxb5 Rxb5 34. axb5 Qxb5 35. Bxa5 Qb7 36. Bc3 g5 37. hxg5 Nxg5 38. Qe3 Qd5 39. Qf4 Kg6 40. g4 fxg4 41. Qxg4 Qxf3+ 42. Qxf3 Nxf3 43. Kxf3 Kf5 44. Bd2 h5 45. Be3 c4 46. dxc4 Bxe5 47. c5 Bc7 48. c6 e5 49. Kg3 Ke4 50. Kh4 Kd5 51. Kxh5 Kxc6 52. c4 Kd6 53. Kg4 Ke6 54. f3 Ba5 55. Bc5 Bd2 56. Ba7 Bc1 57. Bg1 Bd2 58. Bf2 Bc1 59. Bh4 Be3 60. Be1 Bc5 61. Bc3 Be3 62. Bb4 Bd4 63. Bf8 Be3 64. Bg7 Bd2 65. Bf8 Be3 66. c5 Kd5 67. Kf5 Bf2 68. Bd6 Bd4 69. Be7 Bf2 70. Bf8 Be3 71. c6 Kxc6 72. Ke6 Bd2 73. Bd6 Be3 74. Bxe5 Bd2 75. Bg3 Be3 76. Bh4 Bd2 77. Kf7 Kd7 78. Kg6 Ke8 79. Bg5 Bc3 80. Bh6 Bd4 81. Bg7 Be3 82. Bf6 Bd2 83. Bg5 Bc3 84. f4 Bd2 85. f5 Bxg5 86. Kxg5 Kf7 87. f6 Kf8 88. Kg6 Kg8 89. f7+ Kf8 90. Kf6 1/2-1/2

[Event "VI Sunway Sitges Open 2019"]
[Site "Sitges"]
[Date "2019.12.20"]
[Round "9.32"]
[White "Krzyzanowski, Marcin"]
[Black "Kulkarni Bhakti"]
[Result "1-0"]
[WhiteElo "2506"]
[BlackElo "2418"]
[Annotator "ChessBase"]
[PlyCount "81"]
[EventDate "2019.12.13"]
[EventType "swiss"]
[EventCountry "ESP"]
[SourceTitle "playchess.com"]
[Source "ChessBase"]
[SourceQuality "1"]

1. c4 e6 2. g3 Nf6 3. Bg2 d5 4. Nf3 dxc4 5. Qa4+ Bd7 6. Qxc4 Bc6 7. O-O Bd5 8. Qa4+ Qd7 9. Qd1 c5 10. Nc3 Bxf3 11. Bxf3 Be7 12. b3 Nc6 13. Bb2 O-O 14. Rc1 Rfd8 15. d3 Rac8 16. Bg2 h6 17. Qd2 Nd4 18. Rfd1 b6 19. Qe1 Qe8 20. e3 Nc6 21. Qe2 Nd7 22. d4 cxd4 23. exd4 Bg5 24. Rb1 Nf8 25. d5 Nb4 26. Qg4 Qe7 27. a3 Nxd5 28. Bxd5 exd5 29. h4 d4 30. Rxd4 Rxd4 31. Qxd4 Ne6 32. Qg4 h5 33. Qxh5 Bh6 34. Nd5 Qb7 35. Rd1 Rc2 36. Bc3 Rc1 37. Rxc1 Bxc1 38. Bb4 Nc5 39. Qe5 Qd7 40. Ne7+ Kf8 41. Nf5 1-0

[Event "VI Sunway Sitges Open 2019"]
[Site "Sitges"]
[Date "2019.12.20"]
[Round "9.33"]
[White "Rathanvel, V S"]
[Black "Saduakassova, Dinara"]
[Result "0-1"]
[WhiteElo "2410"]
[BlackElo "2505"]
[Annotator "ChessBase"]
[PlyCount "76"]
[EventDate "2019.12.13"]
[EventType "swiss"]
[EventCountry "ESP"]
[SourceTitle "playchess.com"]
[Source "ChessBase"]
[SourceQuality "1"]

1. e4 e5 2. Nf3 Nc6 3. Bb5 a6 4. Ba4 Nf6 5. O-O Be7 6. Re1 b5 7. Bb3 d6 8. c3 O-O 9. h3 Na5 10. Bc2 c5 11. d4 Nd7 12. Nbd2 exd4 13. cxd4 Nc6 14. d5 Nce5 15. Nxe5 Nxe5 16. f4 Ng6 17. Nf3 Bh4 18. Nxh4 Qxh4 19. f5 Ne5 20. Be3 Bd7 21. b3 Qe7 22. Qd2 Rfc8 23. Rf1 f6 24. g4 h6 25. Qg2 b4 26. h4 Bb5 27. Rf2 a5 28. Re1 Kf7 29. g5 hxg5 30. hxg5 Rh8 31. Bf4 Rh4 32. Re3 Rah8 33. Rg3 Ke8 34. gxf6 Qxf6 35. Bg5 Nf3+ 36. Rfxf3 Qa1+ 37. Kf2 Rh2 38. f6 Qf1+ 0-1

[Event "VI Sunway Sitges Open 2019"]
[Site "Sitges"]
[Date "2019.12.20"]
[Round "9.34"]
[White "Sadzikowski, Daniel"]
[Black "Nielsen, Hogni Egilstoft"]
[Result "1-0"]
[WhiteElo "2504"]
[BlackElo "2416"]
[Annotator "ChessBase"]
[PlyCount "85"]
[EventDate "2019.12.13"]
[EventType "swiss"]
[EventCountry "ESP"]
[SourceTitle "playchess.com"]
[Source "ChessBase"]
[SourceQuality "1"]

1. c4 e6 2. g3 Nf6 3. Bg2 d5 4. d4 Be7 5. Nf3 O-O 6. Nc3 b6 7. cxd5 exd5 8. O-O Bb7 9. Bf4 c5 10. dxc5 bxc5 11. Ne5 Na6 12. Qb3 Rb8 13. Rfd1 Nc7 14. Qa4 Ne6 15. Ng4 Nxf4 16. Nxf6+ Bxf6 17. Qxf4 Qb6 18. Rd2 d4 19. Nd5 Bxd5 20. Bxd5 Rfd8 21. Bc4 Qd6 22. Qxd6 Rxd6 23. Rad1 Rdb6 24. b3 Kf8 25. Rd3 Bd8 26. e4 Rc6 27. Kg2 Ke7 28. e5 Ba5 29. Rf3 f6 30. Rf5 Rf8 31. f4 g6 32. exf6+ Rfxf6 33. Re5+ Kf8 34. Rc1 Rc7 35. Rc2 Rd6 36. Bd3 Bb4 37. Rce2 Rdd7 38. Re8+ Kf7 39. Bc4+ Kg7 40. Rg8+ Kh6 41. g4 Re7 42. Kh3 Be1 43. Rxe1 1-0

[Event "VI Sunway Sitges Open 2019"]
[Site "Sitges"]
[Date "2019.12.20"]
[Round "9.35"]
[White "Gordon, Stephen J"]
[Black "Travadon, Loic"]
[Result "1-0"]
[WhiteElo "2495"]
[BlackElo "2412"]
[Annotator "TA"]
[PlyCount "175"]
[EventDate "2019.12.13"]
[EventType "swiss"]
[EventCountry "ESP"]
[SourceTitle "playchess.com"]
[Source "ChessBase"]
[SourceQuality "1"]

1. Nf3 Nf6 2. c4 g6 3. g3 b6 4. d4 Bb7 5. Nc3 Bg7 6. d5 O-O 7. Bg2 Qe8 8. O-O e5 9. e4 d6 10. Bg5 h6 11. Be3 Na6 12. Ne1 Bc8 13. Rb1 Ng4 14. Bd2 f5 15. f3 Nf6 16. b4 f4 17. gxf4 exf4 18. Bxf4 Nh5 19. Bd2 g5 20. Ne2 Bd7 21. Nd3 Qg6 22. Bc3 Rae8 23. Bxg7 Qxg7 24. Qd2 Nf6 25. Qc3 h5 26. Rbe1 Rf7 27. Qd4 Nb8 28. f4 c5 29. bxc5 bxc5 30. Qb2 Nxe4 31. Qxg7+ Rxg7 32. Ng3 Nxg3 33. hxg3 Rxe1 34. Rxe1 h4 35. gxh4 gxh4 36. Kf2 Rg3 37. Bf3 Na6 38. Rh1 Rh3 39. Rxh3 Bxh3 40. a3 Nb8 41. Ne1 Bc8 42. Ng2 h3 43. Ne3 Kf7 44. Kg3 Kf6 45. Be2 Na6 46. Bf1 Nc7 47. Bxh3 Ba6 48. Bd7 Na8 49. Bh3 Nb6 50. Bf1 Kg6 51. Bd3+ Kf6 52. Kf3 Na4 53. Bc2 Nb6 54. Bb3 Bc8 55. Ke2 Bf5 56. Kd2 Bh3 57. Kc3 Bf5 58. Bd1 Bc8 59. Bh5 Na4+ 60. Kb3 Nb6 61. Be8 Bf5 62. Bh5 Bc8 63. Bf3 Bf5 64. Be2 Bc8 65. Bd3 Bd7 66. Kc3 Bc8 67. Kd2 Bd7 68. Ke2 Bc8 69. Kf3 Bd7 70. Kg3 Bc8 71. Kh4 Bd7 72. Kh5 Na4 73. Kh6 Bc8 74. Bg6 Nb6 75. Bc2 Bd7 76. Kh7 Kf7 77. Bg6+ Kf6 78. Bd3 Na4 79. Kg8 Nb2 80. Bc2 Be8 81. Ng4+ Ke7 82. f5 Nxc4 83. f6+ Kd8 84. Kg7 Nb6 85. Ne3 Nd7 86. Nc4 Kc7 87. Bf5 Kd8 88. Bxd7 1-0

[Event "VI Sunway Sitges Open 2019"]
[Site "Sitges"]
[Date "2019.12.20"]
[Round "9.36"]
[White "Mendonca, Leon Luke"]
[Black "Larino Nieto, David"]
[Result "1-0"]
[WhiteElo "2398"]
[BlackElo "2475"]
[Annotator "ChessBase"]
[PlyCount "99"]
[EventDate "2019.12.13"]
[EventType "swiss"]
[EventCountry "ESP"]
[SourceTitle "playchess.com"]
[Source "ChessBase"]
[SourceQuality "1"]

1. d4 g6 2. c4 Bg7 3. Nc3 Nf6 4. e4 d6 5. h3 e5 6. d5 O-O 7. Be3 a5 8. Be2 b6 9. g4 Na6 10. Nf3 Nc5 11. Nd2 Ne8 12. Qc2 f5 13. gxf5 gxf5 14. O-O-O Kh8 15. Rdg1 fxe4 16. Ndxe4 Nxe4 17. Nxe4 Bf5 18. Bd3 Bxe4 19. Bxe4 Qh4 20. Rg4 Qh5 21. Rhg1 Rf7 22. Rg5 Qh4 23. R1g4 Qxh3 24. Rg1 h6 25. R5g3 Qd7 26. Bg6 Rf6 27. Bxe8 Rxe8 28. Rxg7 Qxg7 29. Rxg7 Kxg7 30. Qe4 Ref8 31. Qg4+ Rg6 32. Qh4 Rf5 33. Kc2 h5 34. Kb3 Rg4 35. Qe7+ Rf7 36. Qe6 Rf6 37. Qc8 Rf7 38. Kc3 Rg6 39. Qh3 Rh6 40. Kb3 Rh7 41. Qh4 Rf6 42. Ka4 Kg6 43. Kb5 Rf5 44. Kc6 Rhf7 45. b3 Rh7 46. Qg3+ Kf7 47. Kxc7 h4 48. Qh3 Kf6+ 49. Kxd6 e4 50. Qg4 1-0

[Event "VI Sunway Sitges Open 2019"]
[Site "Sitges"]
[Date "2019.12.20"]
[Round "9.37"]
[White "Ayats Llobera, Gerard"]
[Black "Yankelevich, Lev"]
[Result "1/2-1/2"]
[WhiteElo "2383"]
[BlackElo "2472"]
[Annotator "TA"]
[PlyCount "171"]
[EventDate "2019.12.13"]
[EventType "swiss"]
[EventCountry "ESP"]
[SourceTitle "playchess.com"]
[Source "ChessBase"]
[SourceQuality "1"]

1. e4 e5 2. d4 exd4 3. Qxd4 Nc6 4. Qe3 g6 5. Nc3 Bg7 6. b3 Nb4 7. Qd2 d5 8. a3 Nc6 9. exd5 Nce7 10. Bc4 Nf6 11. Bb2 O-O 12. O-O-O a6 13. a4 Nf5 14. Kb1 Nd6 15. Be2 b5 16. axb5 axb5 17. Bxb5 Nfe4 18. Nxe4 Nxe4 19. Qf4 Nc3+ 20. Bxc3 Bxc3 21. Ba4 Bd7 22. Qc4 Bg7 23. Ne2 Qf6 24. c3 Bxa4 25. bxa4 Qxf2 26. g3 Rfb8+ 27. Kc2 Rxa4 28. Qxa4 Qxe2+ 29. Rd2 Qf3 30. Qa1 Bh6 31. Rhd1 Bxd2 32. Rxd2 Qe4+ 33. Rd3 Qe2+ 34. Rd2 Qc4 35. Qa3 Qe4+ 36. Rd3 Qh1 37. c4 Qxh2+ 38. Kc3 Qf2 39. c5 Qe1+ 40. Kc4 Qe4+ 41. Kc3 Qe1+ 42. Kc4 Qe2 43. c6 Qc2+ 44. Kd4 Rd8 45. Qc5 Qf2+ 46. Kc4 Qa2+ 47. Kd4 h5 48. Ra3 Qf2+ 49. Kc4 Qe2+ 50. Rd3 Qa2+ 51. Kd4 Re8 52. d6 Qf2+ 53. Kc4 Qc2+ 54. Kd4 Re4+ 55. Kxe4 Qxc5 56. d7 Qxc6+ 57. Ke3 Qc5+ 58. Kf3 Qf5+ 59. Ke2 Qg4+ 60. Kf1 Qf5+ 61. Ke2 Qe4+ 62. Kd2 Qb4+ 63. Kd1 Qg4+ 64. Ke1 Qe4+ 65. Kd2 Qb4+ 66. Kd1 Qb1+ 67. Kd2 Qb2+ 68. Kd1 Qa1+ 69. Kd2 Qa5+ 70. Kd1 Qa4+ 71. Kd2 Qb4+ 72. Kd1 Qg4+ 73. Ke1 Qe4+ 74. Kd2 Qb4+ 75. Kd1 Qa4+ 76. Kd2 Qa5+ 77. Kd1 Qa1+ 78. Kd2 Qb2+ 79. Kd1 Qb1+ 80. Kd2 Qb4+ 81. Kd1 Qg4+ 82. Ke1 Qe4+ 83. Kd2 Qg2+ 84. Kc3 Qc6+ 85. Kd2 Qg2+ 86. Kc3 1/2-1/2

[Event "VI Sunway Sitges Open 2019"]
[Site "Sitges"]
[Date "2019.12.20"]
[Round "9.38"]
[White "Diaz Camallonga, Carles"]
[Black "Lopez Mulet, Inigo"]
[Result "1/2-1/2"]
[WhiteElo "2468"]
[BlackElo "2382"]
[Annotator "TA"]
[PlyCount "147"]
[EventDate "2019.12.13"]
[EventType "swiss"]
[EventCountry "ESP"]
[SourceTitle "playchess.com"]
[Source "ChessBase"]
[SourceQuality "1"]

1. e4 e6 2. d4 d5 3. Nc3 Nf6 4. Bg5 Bb4 5. e5 h6 6. Bc1 Ne4 7. Qg4 g5 8. Nge2 c5 9. a3 Ba5 10. b4 Nxc3 11. Nxc3 cxd4 12. bxa5 dxc3 13. h4 Qc7 14. hxg5 Qxe5+ 15. Qe2 Qxe2+ 16. Bxe2 h5 17. Bxh5 Kf8 18. Be3 Nc6 19. O-O-O Kg7 20. f4 e5 21. fxe5 Rxh5 22. Rxh5 Bg4 23. Rh6 Bxd1 24. Kxd1 d4 25. Bf4 Nxa5 26. Rd6 Nc6 27. g6 fxg6 28. Bg5 Re8 29. e6 Ne5 30. a4 a5 31. Ke2 Nf7 32. Rd7 Rxe6+ 33. Kd3 b6 34. Bf4 Kf6 35. Rxd4 g5 36. Bg3 Rc6 37. Rd5 Ke6 38. Rb5 g4 39. Rh5 Rc8 40. Kd4 Rc6 41. Bf4 Rc8 42. Kd3 Rc6 43. Kd4 Rc8 44. Rh1 Nd8 45. g3 Nc6+ 46. Kxc3 Nb4+ 47. Kd4 Rxc2 48. Rh6+ Kf7 49. Rxb6 Ra2 50. Ke4 Rxa4 51. Kf5 Nd5 52. Rb7+ Ne7+ 53. Kxg4 Rb4 54. Ra7 a4 55. Kf3 Ke6 56. Ra6+ Kf7 57. Bd6 Rd4 58. Be5 Rc4 59. Rf6+ Kg8 60. Ra6 Kf7 61. g4 Nc6 62. Ba1 Kg6 63. Ra8 Kf7 64. g5 Kg6 65. Bf6 Kf5 66. Ke3 Rb4 67. Kd2 Re4 68. Ra6 Rc4 69. Ra8 Re4 70. Kc1 Nd4 71. Kb2 Ne6 72. Ra5+ Kg6 73. Ka3 Rg4 74. Rxa4 1/2-1/2

[Event "VI Sunway Sitges Open 2019"]
[Site "Sitges"]
[Date "2019.12.20"]
[Round "9.39"]
[White "Sarkar, Justin"]
[Black "Song, Raymond"]
[Result "0-1"]
[WhiteElo "2360"]
[BlackElo "2468"]
[Annotator "ChessBase"]
[PlyCount "82"]
[EventDate "2019.12.13"]
[EventType "swiss"]
[EventCountry "ESP"]
[SourceTitle "playchess.com"]
[Source "ChessBase"]
[SourceQuality "1"]

1. e4 c5 2. Nf3 e6 3. d4 cxd4 4. Nxd4 Nc6 5. Nc3 Qc7 6. g3 a6 7. Bg2 Nf6 8. O-O Nxd4 9. Qxd4 Bc5 10. Bf4 d6 11. Qd2 h6 12. Rad1 e5 13. Be3 Be6 14. Bxc5 dxc5 15. Nd5 Bxd5 16. exd5 Qd6 17. c4 O-O 18. Bh3 Rfe8 19. Rfe1 h5 20. Bf5 g6 21. Bc2 Kg7 22. a3 b5 23. b3 Rab8 24. Kg2 Re7 25. h3 Rbe8 26. Re2 Nh7 27. Qa5 f5 28. cxb5 axb5 29. Qxb5 Rc8 30. Qc4 e4 31. b4 Nf6 32. Ba4 h4 33. Rc1 hxg3 34. bxc5 Qf4 35. Rc3 Qe5 36. d6 Ra7 37. d7 Rd8 38. c6 f4 39. Rxe4 Nxe4 40. c7 Rxc7 41. Qxc7 Qxc3 0-1

[Event "VI Sunway Sitges Open 2019"]
[Site "Sitges"]
[Date "2019.12.20"]
[Round "9.40"]
[White "Janik, Igor"]
[Black "Vega Gutierrez, Sabrina"]
[Result "1/2-1/2"]
[WhiteElo "2466"]
[BlackElo "2360"]
[Annotator "ChessBase"]
[PlyCount "106"]
[EventDate "2019.12.13"]
[EventType "swiss"]
[EventCountry "ESP"]
[SourceTitle "playchess.com"]
[Source "ChessBase"]
[SourceQuality "1"]

1. e4 c5 2. Nf3 e6 3. g3 Nc6 4. Bg2 Nf6 5. Qe2 d6 6. O-O Be7 7. c3 O-O 8. d3 Qc7 9. Nbd2 Bd7 10. Re1 Rac8 11. a3 b5 12. b4 e5 13. Bb2 Rfe8 14. Nf1 cxb4 15. axb4 d5 16. exd5 Nxd5 17. Nxe5 Qxe5 18. Qf3 Ndxb4 19. Rxe5 Nxe5 20. Qb7 Nbxd3 21. Ba3 Rxc3 22. Bxe7 Rxe7 23. Ne3 Re8 24. Qxa7 Nxf2 25. Ra3 Nh3+ 26. Bxh3 Rxa3 27. Qxa3 Bxh3 28. Qc5 Nd7 29. Qd4 Be6 30. Nd5 Bxd5 31. Qxd5 Nf6 32. Qxb5 h5 33. h3 Re4 34. Kg2 Kh7 35. Qf5+ Kg8 36. Qc8+ Re8 37. Qc7 Re2+ 38. Kf3 Re3+ 39. Kf2 Re6 40. Kf3 Ne4 41. Qa5 g6 42. Qd8+ Kg7 43. Qd4+ Kh7 44. Qd8 Nd6 45. Qc7 Rf6+ 46. Kg2 Nf5 47. Qa7 Kh6 48. Kh2 g5 49. Qf2 Kg6 50. Qc2 Kg7 51. Qd2 Kg6 52. Qc2 Kg7 53. Qd2 Kg6 1/2-1/2

[Event "VI Sunway Sitges Open 2019"]
[Site "Sitges"]
[Date "2019.12.20"]
[Round "9.41"]
[White "Matta, Vinay Kumar"]
[Black "Kobo, Ori"]
[Result "1/2-1/2"]
[WhiteElo "2300"]
[BlackElo "2457"]
[Annotator "RC"]
[PlyCount "103"]
[EventDate "2019.12.13"]
[EventType "swiss"]
[EventCountry "ESP"]
[SourceTitle "playchess.com"]
[Source "ChessBase"]
[SourceQuality "1"]

1. e4 c5 2. Nf3 e6 3. g3 Nc6 4. Bg2 Nf6 5. Nc3 Qb6 6. O-O d6 7. a3 e5 8. h3 Be7 9. d3 O-O 10. Nd2 Qd8 11. Nc4 Rb8 12. f4 b5 13. Ne3 exf4 14. gxf4 Bd7 15. Kh2 Kh8 16. b3 Re8 17. Bb2 Bf8 18. Ncd5 Nxd5 19. Nxd5 Ne7 20. Ne3 Ng6 21. Qh5 Qh4 22. Qxh4 Nxh4 23. Bh1 Ng6 24. Rae1 Kg8 25. d4 cxd4 26. Bxd4 a5 27. Nd5 Bc6 28. Nb6 Be7 29. c4 bxc4 30. bxc4 Bh4 31. Re3 Bd8 32. Nd5 Bxd5 33. exd5 Rxe3 34. Bxe3 Rb3 35. Re1 Rb2+ 36. Bg2 Kf8 37. Kg1 Bh4 38. Rc1 Re2 39. f5 Rxe3 40. fxg6 hxg6 41. c5 dxc5 42. Rxc5 Rxa3 43. d6 Kg8 44. Bd5 a4 45. Rc8+ Kh7 46. Bxf7 Rg3+ 47. Kh2 Rd3 48. Rc4 Bf6 49. Rxa4 Rxd6 50. Ra2 Kh6 51. Re2 Rd3 52. Be6 1/2-1/2

[Event "VI Sunway Sitges Open 2019"]
[Site "Sitges"]
[Date "2019.12.20"]
[Round "9.42"]
[White "Vogel, Roven"]
[Black "Ajay Krishna, S."]
[Result "1/2-1/2"]
[WhiteElo "2457"]
[BlackElo "2302"]
[Annotator "ChessBase"]
[PlyCount "63"]
[EventDate "2019.12.13"]
[EventType "swiss"]
[EventCountry "ESP"]
[SourceTitle "playchess.com"]
[Source "ChessBase"]
[SourceQuality "1"]

1. Nf3 c5 2. b3 Nf6 3. Bb2 e6 4. g3 b6 5. Bg2 Bb7 6. c4 Be7 7. O-O O-O 8. Nc3 d5 9. e3 Nbd7 10. Qe2 Ne4 11. Nxe4 dxe4 12. Ne5 Nxe5 13. Bxe5 Bf6 14. Bxf6 Qxf6 15. d3 exd3 16. Qxd3 Rad8 17. Qc2 Bxg2 18. Kxg2 h5 19. h4 g6 20. Rad1 Kg7 21. Rfe1 Rfe8 22. Re2 Rxd1 23. Qxd1 Rd8 24. Rd2 Rxd2 25. Qxd2 Qa1 26. a4 Qe5 27. a5 bxa5 28. Qxa5 Qe4+ 29. Kg1 Qb1+ 30. Kg2 Qe4+ 31. Kg1 Qb1+ 32. Kg2 1/2-1/2